00958nam a2200301Ia 4500003000400000005001700004008004100021020001500062040001800077041000800095082002500103100002100128245006800149250001200217260007000229300003000299650002600329650003600355650002600391650004000417650003500457650003600492650002200528650002600550650003400576700002500610700002100635OSt20250122143622.0210716s1999 xx 000 0 und d a8173661405 cAIMIT LIBRARY aeng a005.7401 21stbGRER aGreenwald, Rick. aOracle essentials: bOracle8 and oracle8i /cBy Rick Greenwald. a1st ed. aNew Delhi :bShroff Publishers and Distributors Pvt Ltd ,c1999. axvi,355 p.;bPBc22.5 cm. aOracle 8 architecture aInstalling and running oracle 8 aMultiuser concurrency aOracle 8 and transaction processing aOracle 8 and data warehousing  aInstalling and running oracle 8 aManaging oracle 8 aMultiuser concurrency aOracle 8 and data warehousing aStackowiak, Robert . aStern, Jonathan.